Catalog

Record Details

Catalog Search



Provable Security 4th International Conference, ProvSec 2010, Malacca, Malaysia, October 13-15, 2010. Proceedings  Cover Image E-book E-book

Provable Security [electronic resource] : 4th International Conference, ProvSec 2010, Malacca, Malaysia, October 13-15, 2010. Proceedings / edited by Swee-Huay Heng, Kaoru Kurosawa.

Heng, Swee-Huay. (editor.). Kurosawa, Kaoru. (editor.). SpringerLink (Online service) (Added Author).

Electronic resources


LDR 01979nam a22005055i 4500
00140003
003CONS
00520131220050647.0
007cr nn 008mamaa
008101009s2010 gw | s |||| 0|eng d
020 . ‡a9783642162800 ‡9978-3-642-16280-0
0247 . ‡a10.1007/978-3-642-16280-0 ‡2doi
035 . ‡a(DE-He213)978-3-642-16280-0
050 4. ‡aQA76.9.A25
072 7. ‡aURY ‡2bicssc
072 7. ‡aCOM053000 ‡2bisacsh
1001 . ‡aHeng, Swee-Huay. ‡eeditor.
24510. ‡aProvable Security ‡h[electronic resource] : ‡b4th International Conference, ProvSec 2010, Malacca, Malaysia, October 13-15, 2010. Proceedings / ‡cedited by Swee-Huay Heng, Kaoru Kurosawa.
264 1. ‡aBerlin, Heidelberg : ‡bSpringer Berlin Heidelberg, ‡c2010.
300 . ‡aX, 279p. ‡bonline resource.
336 . ‡atext ‡btxt ‡2rdacontent
337 . ‡acomputer ‡bc ‡2rdamedia
338 . ‡aonline resource ‡bcr ‡2rdacarrier
347 . ‡atext file ‡bPDF ‡2rda
4901 . ‡aLecture Notes in Computer Science, ‡x0302-9743 ; ‡v6402
650 0. ‡aComputer science.
650 0. ‡aComputer Communication Networks.
650 0. ‡aData protection.
650 0. ‡aData encryption (Computer science).
650 0. ‡aCoding theory.
650 0. ‡aComputer software.
650 0. ‡aInformation Systems.
65014. ‡aComputer Science.
65024. ‡aData Encryption.
65024. ‡aComputer Communication Networks.
65024. ‡aManagement of Computing and Information Systems.
65024. ‡aAlgorithm Analysis and Problem Complexity.
65024. ‡aSystems and Data Security.
65024. ‡aCoding and Information Theory.
7001 . ‡aKurosawa, Kaoru. ‡eeditor.
7102 . ‡aSpringerLink (Online service)
7730 . ‡tSpringer eBooks
77608. ‡iPrinted edition: ‡z9783642162794
830 0. ‡aLecture Notes in Computer Science, ‡x0302-9743 ; ‡v6402
85640. ‡uhttp://biblioteca.ipicyt.edu.mx:2048/login?url=http://dx.doi.org/10.1007/978-3-642-16280-0 ‡yTexto completo ‡9CONS
950 . ‡aComputer Science (Springer-11645)
901 . ‡a40003 ‡b ‡c40003 ‡tbiblio ‡sSystem Local

Additional Resources